000 00409nam a2200169 4500
003 LK-CoMWRAF
005 20230909165559.0
008 230909b2003 |||||||| |||| 00| 0 eng d
020 _a0755409973
040 _aLK-CoMWRAF
_dLK-CoMWRAF
_eLK-CoMWRAF
041 _aeng
082 _a823
_bALA
245 _aAladdin
260 _aThailand :
_bRobert Frederick Ltd
_c2003
650 _aShort stories
942 _cBK
999 _c3517
_d3517